Tiere Europas mit einem Hinweis - Statistiken

Allgemein
  • Dieses Quiz wurde 91 mal gespielt
  • Das Durchschnittsergebnis liegt bei 6 aus 19
Antwortstatistiken
Hinweis Antwort % Korrekt
Besitzt bis zu 7500 Stacheln Braunbrustigel
91%
Die Lieblingsspeise von Asterix und Obelix Wildschwein
73%
Rasse des TV-Hundes Lassie Langhaarcollie
67%
Spielt durch Vergraben von Wintervorräten eine wichtige Rolle bei der Erneuerung und Verjüngung von Wäldern Eichhörnchen
66%
Schwarz-gelbe Amphibie mit giftigen Hautsekreten Feuersalamander
47%
Die Männchen tragen ein schwarzes, die Weibchen ein braunes Federkleid Amsel
43%
Eine der bekanntesten Robbenarten Seehund
42%
Gilt in der Folklore oft als Symbol für Intelligenz und Listigkeit Rotfuchs
34%
Männchen besitzen bis zu einem Meter lange, gebogene Hörner Alpensteinbock
33%
In der Folklore überbringt er die Säuglinge Weißstorch
29%
Semiaquatisch lebende Marderart Eurasischer Fischotter
28%
Kann wie ein Hubschrauber rückwärts und auf der Stelle fliegen Große Königslibelle
28%
Der nordamerikanische Wapiti galt lange als Unterart Rothirsch
23%
Hat ein graubraunes Fell und recht kurze "Löffel" Wildkaninchen
14%
Bevorzugt auf dem Boden jagende kleine Eule Steinkauz
10%
Vogel, der wegen seiner Brust in verschiedenen Mythologien mit Jesus, Thor oder der Sonne in Verbindung steht Rotkehlchen
6%
Einziges Säugetier, das bereits vor der menschlichen Besiedlung auf Island lebte Polarfuchs
5%
Zusammen mit der Schweinsnasenfledermaus das kleinste Säugetier der Welt Etruskerspitzmaus
3%
Bereits seit Jahrtausenden als Haustier gehaltenes Reptil Griechische Landschildkröte
3%
Keine übereinstimmenden Quizze gefunden
Verteilung der Resultate
Anzahl Personen mit jedem Resultat
Perzentil nach korrekt beantworteten Fragen
Ihre Resultats-Entwicklung
Sie haben dieses Quiz noch nicht gespielt